Представление документа в формате RUSMARC

ПолеНазваниеЗначение
  Тип записи a
  Библиографический уровень c
001 Контрольный номер 2bed63008f7b4c6caf7221a17bde5af9
005 Дата корректировки 20201206205149.5
010 Индекс ISBN __
a ISBN 978-5-389-08946-4
d Цена 132-00, 2000 экз.
100 Данные общей обработки __
a Данные общей обработки 19181113d2018||||||| 0rusy0189 ca
101 Язык документа 0_
a Язык текста rus
102 Страна публикации __
a Страна публикации ru
102 Страна публикации __
a Страна публикации RU
105 Кодированные данные (монография) __
a Кодированные данные (монография) |||||||||||zy
200 Заглавие и сведения об ответственности 1_
a Заглавие Живи и помни
e Сведения, относящиеся к заглавию [повесть, рассказы]
f Первые сведения об ответственности Валентин Распутин
b Общее обозначение материала Текст
203 Вид содержания и тип средства __
a Вид содержания Текст
c Тип средства непосредственный
210 Выходные данные __
a Место издания Санкт-Петербург
c Издательство Азбука
d Дата издания 2018
215 Физическое описание __
a Объем 412 с.
d Формат 18 см
225 Серия __
a Серия Азбука-классика
327 Примечание о содержании __
a Примечание о содержании Рудольфино
327 Примечание о содержании __
a Примечание о содержании Встреча
327 Примечание о содержании __
a Примечание о содержании Василий и Василиса
327 Примечание о содержании __
a Примечание о содержании Уроки французского
327 Примечание о содержании __
a Примечание о содержании Наташа
327 Примечание о содержании __
a Примечание о содержании Что передать вороне?
327 Примечание о содержании __
a Примечание о содержании Век живи - век люби
330 Аннотация __
a Аннотация "Печальная и яростная повесть, несколько "вкрадчивая" тихой своей тональностью, как и все другие повести Распутина, и оттого еще более потрясающая глубокой трагичностью", - писал В. Астафьев о повести В. Распутина "Живи и помни". Книга была воспринята критикой как произведение о войне, пробующей человека "на излом", о дезертире, который после госпиталя не смог заставить себя снова заглянуть в глаза смерти, однако для самого автора важнее был образ главной героини, Настены, простой и загадочной, как темные воды Ангары, поманившие ее звоном "тысячи колокольчиков". Повесть "Живи и помни" была опубликована в журнале "Наш современник", впоследствии неоднократно переиздавалась, переведена на многие языки. В настоящем издании представлены также рассказы В. Распутина, написанные в разные годы жизни: "Уроки французского", "Век живи - век люби" и другие.
333 Примечание о целевом назначении __
a Примечание о целевом назначении 16+. Для детей старше 16 лет
606 Тематические рубрики __
a Основная рубрика Художественная литература
606 Тематические рубрики __
a Основная рубрика Русская литература XX в. (произведения)
610 Ключевые слова __
a Ключевые слова повести
610 Ключевые слова __
a Ключевые слова экранизированные книги
610 Ключевые слова __
a Ключевые слова рассказы
610 Ключевые слова __
a Ключевые слова тема человека
610 Ключевые слова __
a Ключевые слова тема совести
610 Ключевые слова __
a Ключевые слова тема нравственности
610 Ключевые слова __
a Ключевые слова тема войны
610 Ключевые слова __
a Ключевые слова тема деревни
610 Ключевые слова __
a Ключевые слова советская литература
610 Ключевые слова __
a Ключевые слова тема детства
610 Ключевые слова __
a Ключевые слова тема военного детства
610 Ключевые слова __
a Ключевые слова тема детей
686 Индексы других классификаций __
2 Код системы rubbks
a Классификационный индекс 84(2=411.2)6-4; ст84(2Рос=Рус)6-4
700 Автор _1
a Фамилия Распутин
b Имя В. Г.
f Даты 1937-2015
g Полное личное имя Валентин Григорьевич
4 Код отношения 070
801 Источник записи _0
a Страна ru
b Организация Муниципальное бюджетное учреждение культуры "Централизованная библиотечная система" г. Сургут (Центральная городская библиотека им. А. С. Пушкина)
c Дата составления 20181113
g Правила каталогизации PSBO
801 Источник записи _1
a Страна ru
b Организация Муниципальное бюджетное учреждение культуры "Централизованная библиотечная система" г. Сургут (Центральная городская библиотека им. А. С. Пушкина)
c Дата составления 20181113
g Правила каталогизации PSBO
852 Данные о местонахождении __
j Шифр хранения 84(2=411.2)6-4
i Авторский знак Р 24
901 Тип документа __
t Тип документа x
a Ответственный КиК/Апакова
903 Характеристики (МАРС) __
a Дата передачи 20181113
990 Данные о заказе (DOS) __
j Количество экземпляров (DOS) 14
t N записи в КСУ для И/У (DOS) 201811